Nimeä kunta järven perusteella - Statistics

Yleistilastot
  • Tätä visaa on pelattu 245 kertaa
  • Keskiarvotulos 12 / 16
Vastaustilastot
% Oikein
Näsijärvi Tampere | Ruovesi | Ylöjärvi
97%
Inarijärvi Inari
96%
Kallavesi Kuopio | Leppävirta | Siilinjärvi
91%
Bodominjärvi Espoo
86%
Kilpisjärvi Enontekiö | Kiiruna (Ruotsi)
85%
Lappajärvi Alajärvi | Lappajärvi | Vimpeli
82%
Vanajavesi Hattula | Hämeenlinna | Valkeakoski
82%
Oulujärvi Kajaani | Paltamo | Vaala
77%
Pallasjärvi Kittilä | Muonio
77%
Pielinen Juuka | Lieksa | Nurmes
73%
Kitkajärvi Kuusamo | Posio
62%
Porttipahdan tekojärvi Sodankylä
62%
Längelmävesi Kangasala | Orivesi
57%
Keitele Konnevesi | Vesanto | Viitasaari | Äänekoski
57%
Pyhäjärvi Eura | Pöytyä | Säkylä
53%
Lentua Kuhmo
42%
Ehtoja vastaavia visoja ei löytynyt
Tulosjakauma
Jokaisen tuloksen saaneiden osuus
Persentiili vastausten määrän mukaan
Tuloshistoriasi
Et ole pelannut tätä visaa